[Event "Montendre Blitz op"]
[Site "Montendre"]
[Date "2023.02.18"]
[Round "3"]
[White "Bacrot, Etienne"]
[Black "Do, Huu Thi"]
[Result "1-0"]
[WhiteElo "2653"]
[BlackElo "2257"]
[PlyCount "52"]
[EventDate "2023.02.18"]
[EventType "swiss (blitz)"]
[EventRounds "11"]
[EventCountry "FRA"]
[SourceTitle "CBM 212 Extra"]
[Source "ChessBase"]
[SourceDate "2023.03.31"]
[SourceVersion "1"]
[SourceVersionDate "2023.03.31"]
[SourceQuality "1"]

1. e4 e6 2. d4 d5 3. exd5 exd5 4. Nf3 Nc6 5. Bb5 Bd6 6. 0-0 Nge7 7. c4 dxc4 8. Bxc4 0-0 9. h3 Bf5 10. Nc3 h6 11. Re1 Ng6 12. a3 a6 13. Bd5 Nf4 14. Bxf4 Bxf4 15. Qb3 Ne7 16. Be4 Be6 17. Qxb7 Rb8 18. Qxa6 Rxb2 19. Na4 Rb8 20. Nc5 Bd5 21. Qd3 Rb6 22. a4 Rd6 23. a5 Nc8 24. a6 Nb6 25. a7 Bxe4 26. Qxe4 Rf6 1-0

[Event "Rochefort op-A16th"]
[Site "Rochefort"]
[Date "2017.02.24"]
[Round "9"]
[White "Colin, Vincent"]
[Black "Do, Huu Thi"]
[Result "1-0"]
[WhiteElo "2372"]
[BlackElo "2229"]
[PlyCount "65"]
[EventDate "2017.02.18"]
[EventType "swiss"]
[EventRounds "9"]
[EventCountry "FRA"]
[SourceTitle "EXT 2018"]
[Source "ChessBase"]
[SourceDate "2017.10.13"]
[SourceVersion "1"]
[SourceVersionDate "2017.10.13"]
[SourceQuality "1"]

1. d4 Nf6 2. Bf4 d6 3. Nc3 Nbd7 4. Nf3 c6 5. Qd2 Nh5 6. e4 Nxf4 7. Qxf4 e6 8. e5 d5 9. Bd3 h6 10. 0-0 Be7 11. Ne2 Nf8 12. c3 g5 13. Qd2 h5 14. Ne1 Ng6 15. f4 g4 16. Nc2 Bd7 17. b4 Nh4 18. Ng3 b6 19. c4 b5 20. cxd5 cxd5 21. f5 Bg5 22. Qe2 Qb6 23. fxe6 fxe6 24. Nxh5 0-0-0 25. Nf6 Bxf6 26. exf6 Rdg8 27. f7 Nf3+ 28. Rxf3 Rf8 29. Rf6 Kb7 30. Qxg4 Qc7 31. Qg3 Qc3 32. Raf1 Kc6 33. Bxb5+ 1-0

[Event "FRA-chT1 1011"]
[Site "France"]
[Date "2010.11.13"]
[Round "2.1"]
[White "Monroy, Charles"]
[Black "Do, Huu Thi"]
[Result "0-1"]
[WhiteElo "2436"]
[BlackElo "2202"]
[PlyCount "84"]
[EventDate "2010.10.17"]
[EventType "team-tourn"]
[EventRounds "11"]
[EventCountry "FRA"]
[SourceTitle "EXT 2012"]
[Source "ChessBase"]
[SourceDate "2011.11.24"]
[SourceVersion "1"]
[SourceVersionDate "2011.11.24"]
[SourceQuality "1"]

1. Nf3 e6 2. g3 b6 3. c4 c5 4. Bg2 Bb7 5. 0-0 Be7 6. Nc3 Nf6 7. Re1 0-0 8. e4 Nc6 9. d4 cxd4 10. Nxd4 Nxd4 11. Qxd4 Bc5 12. Qd1 e5 13. Rb1 Rc8 14. b3 Rc6 15. Qc2 a6 16. a4 Re8 17. Nd5 h6 18. Be3 a5 19. Red1 Rd6 20. Nc3 Rxd1+ 21. Rxd1 Bc6 22. Bd2 Qa8 23. Kh1 Bd4 24. f3 Qd8 25. Qd3 Qe7 26. Nd5 Bxd5 27. exd5 d6 28. Bh3 Bc5 29. Re1 Nh7 30. Bg2 Nf6 31. Bc3 Nd7 32. f4 Bb4 33. Bxb4 axb4 34. Qd2 Nc5 35. fxe5 dxe5 36. Rb1 e4 37. Qxb4 e3 38. a5 bxa5 39. Qxa5 e2 40. Re1 Qe3 41. d6 Nd3 42. Bc6 Qf2 0-1

[Event "FRA-chT1 1011"]
[Site "France"]
[Date "2010.10.17"]
[Round "1.1"]
[White "Fantinel, Thibault"]
[Black "Do, Huu Thi"]
[Result "1/2-1/2"]
[WhiteElo "2220"]
[BlackElo "2202"]
[PlyCount "72"]
[EventDate "2010.10.17"]
[EventType "team-tourn"]
[EventRounds "11"]
[EventCountry "FRA"]
[SourceTitle "EXT 2012"]
[Source "ChessBase"]
[SourceDate "2011.11.24"]
[SourceVersion "1"]
[SourceVersionDate "2011.11.24"]
[SourceQuality "1"]

1. c4 c6 2. g3 g6 3. Bg2 Bg7 4. Nc3 f5 5. d3 Nf6 6. e4 d6 7. Nge2 Na6 8. 0-0 0-0 9. h3 fxe4 10. dxe4 Be6 11. b3 Nc5 12. Be3 Nfd7 13. Qd2 a5 14. Rab1 Nb6 15. Bd4 Bf7 16. Bxg7 Kxg7 17. f4 Qc7 18. Qe3 Nbd7 19. g4 Rad8 20. Ng3 Qb6 21. Kh2 Ne6 22. Qd2 Qd4 23. Qb2 Kg8 24. Rbd1 Qg7 25. Qd2 Nd4 26. Qe3 Rfe8 27. h4 b6 28. h5 Nf8 29. hxg6 Qh6+ 30. Kg1 hxg6 31. g5 Qh4 32. Nce2 e5 33. f5 Nh7 34. fxg6 Bxg6 35. Nf5 Qxg5 36. Qxg5 Nxg5 1/2-1/2

[Event "FRA-chT1 0910"]
[Site "France"]
[Date "2009.11.22"]
[Round "5.2"]
[White "Shirazi, Kamran"]
[Black "Do, Huu Thi"]
[Result "1-0"]
[WhiteElo "2433"]
[BlackElo "2205"]
[PlyCount "33"]
[EventDate "2009.09.27"]
[EventType "team-tourn"]
[EventRounds "11"]
[EventCountry "FRA"]
[SourceTitle "EXT 2011"]
[Source "ChessBase"]
[SourceDate "2010.11.26"]
[SourceVersion "1"]
[SourceVersionDate "2010.11.26"]
[SourceQuality "1"]

1. e4 d5 2. exd5 Qxd5 3. Nc3 Qd6 4. Bc4 Nf6 5. d4 a6 6. Nge2 Qc6 7. Bb3 Qxg2 8. Rg1 Qf3 9. Bf4 Nc6 10. Bxc7 Ne4 11. Nxe4 Qxe4 12. f3 Qh4+ 13. Bg3 Qf6 14. Qd2 g6 15. 0-0-0 Bg7 16. Be5 Bh6 17. Qxh6 1-0

[Event "FRA-chT1 0910"]
[Site "France"]
[Date "2009.11.21"]
[Round "4.2"]
[White "Do, Huu Thi"]
[Black "Jablonski, Noham"]
[Result "1/2-1/2"]
[WhiteElo "2195"]
[BlackElo "2312"]
[PlyCount "128"]
[EventDate "2009.09.27"]
[EventType "team-tourn"]
[EventRounds "11"]
[EventCountry "FRA"]
[SourceTitle "EXT 2011"]
[Source "ChessBase"]
[SourceDate "2010.11.26"]
[SourceVersion "1"]
[SourceVersionDate "2010.11.26"]
[SourceQuality "1"]

1. e3 Nf6 2. f4 g6 3. Nf3 Bg7 4. Be2 0-0 5. 0-0 c5 6. d3 d5 7. Ne5 Nfd7 8. d4 e6 9. c3 Qb6 10. Nd3 Nc6 11. Kh1 c4 12. Nf2 Qc7 13. b3 b5 14. a4 Na5 15. b4 Nb3 16. Ra3 bxa4 17. Rxa4 Nb6 18. Ra3 Bd7 19. Nd2 Ba4 20. Qe1 f6 21. Nxb3 Bxb3 22. Ra5 e5 23. Qd2 exf4 24. e4 g5 25. Bg4 Rae8 26. Bf5 dxe4 27. Nxe4 Nc8 28. Nc5 Qd6 29. Qf2 Re7 30. Qf3 Rfe8 31. Ne4 Rxe4 32. Bxe4 Qe7 33. Bd5+ Kh8 34. Bc6 Rd8 35. Bd2 Nd6 36. Re1 Qf7 37. Rd5 Bc2 38. Qe2 Bf8 39. Qe6 Qg6 40. b5 Kg7 41. Ra1 Bf5 42. Rxa7+ Kh6 43. Rxf5 Qxf5 44. Qxf5 Nxf5 45. Be4 Ng7 46. Ra8 Rxa8 47. Bxa8 Nf5 48. Bd5 Ne3 49. Be6 Bd6 50. Kg1 Bc7 51. Kf2 Nd1+ 52. Ke2 Nb2 53. h3 Kg6 54. Bc1 Na4 55. Bxc4 Nxc3+ 56. Kd3 Na4 57. Ba3 f5 58. Bb3 Nb6 59. Ke2 h5 60. Kf2 g4 61. Bb4 Nc8 62. Be6 Nd6 63. Bxd6 Bxd6 64. b6 Kf6 1/2-1/2

[Event "FRA-chT1B 0809"]
[Site "France"]
[Date "2009.04.05"]
[Round "11.3"]
[White "Tirard, Hugo"]
[Black "Do, Huu Thi"]
[Result "1/2-1/2"]
[WhiteElo "2434"]
[BlackElo "2177"]
[PlyCount "66"]
[EventDate "2008.10.19"]
[EventType "team-tourn"]
[EventRounds "11"]
[EventCountry "FRA"]
[SourceTitle "EXT 2010"]
[Source "ChessBase"]
[SourceDate "2010.11.25"]
[SourceVersion "1"]
[SourceVersionDate "2010.11.25"]
[SourceQuality "1"]
[WhiteTeam "Deauville"]
[BlackTeam "Niort"]
[WhiteTeamCountry "FRA"]
[BlackTeamCountry "FRA"]

1. e4 e6 2. d4 d5 3. Nc3 Bb4 4. exd5 exd5 5. Bd3 Nc6 6. a3 Bxc3+ 7. bxc3 Be6 8. Rb1 b6 9. Nf3 h6 10. 0-0 Nge7 11. Nh4 g5 12. Nf3 Qd6 13. Re1 f6 14. a4 0-0 15. Ra1 Rfe8 16. h4 Bg4 17. Ba3 Qd7 18. Bb5 Ng6 19. Rxe8+ Rxe8 20. hxg5 hxg5 21. c4 Kg7 22. Qd3 a6 23. Bxc6 Qxc6 24. Nh2 Be2 25. Qf5 Qe6 26. Qxe6 Rxe6 27. Re1 Kf7 28. f3 Bxc4 29. Kf2 Rxe1 30. Kxe1 a5 31. Ng4 Ba6 32. Ne3 Ke6 33. Kf2 Nh8 1/2-1/2

[Event "FRA-chT1B 0809"]
[Site "France"]
[Date "2008.11.23"]
[Round "3.5"]
[White "Fayard, Alain"]
[Black "Do, Huu Thi"]
[Result "1-0"]
[WhiteElo "2132"]
[BlackElo "2175"]
[PlyCount "73"]
[EventDate "2008.10.19"]
[EventType "team-tourn"]
[EventRounds "11"]
[EventCountry "FRA"]
[SourceTitle "EXT 2010"]
[Source "ChessBase"]
[SourceDate "2010.11.25"]
[SourceVersion "1"]
[SourceVersionDate "2010.11.25"]
[SourceQuality "1"]
[WhiteTeam "Vincennes"]
[BlackTeam "Niort"]
[WhiteTeamCountry "FRA"]
[BlackTeamCountry "FRA"]

1. d4 e6 2. c4 f5 3. g3 Nf6 4. Bg2 Be7 5. Nf3 0-0 6. 0-0 Ne4 7. b3 Bf6 8. Bb2 d6 9. Qc2 Nc6 10. e3 e5 11. dxe5 dxe5 12. Rd1 Qe8 13. a3 a5 14. Ne1 Ng5 15. h4 Nf7 16. Nc3 Nh6 17. Nd5 Rf7 18. b4 e4 19. Bxf6 gxf6 20. Bf1 Ne5 21. Be2 Nhg4 22. Ng2 Be6 23. Ndf4 axb4 24. axb4 Rxa1 25. Rxa1 Rd7 26. Nxe6 Qxe6 27. Ra8+ Kf7 28. Nf4 Qd6 29. c5 Qd2 30. Qb3+ Kg7 31. Qg8+ Kh6 32. Ra7 Nf3+ 33. Kg2 Rg7 34. Qe8 Nxe3+ 35. Kh3 Ng5+ 36. hxg5+ Rxg5 37. Qf8+ 1-0

[Event "Pornic op"]
[Site "Pornic"]
[Date "2008.08.??"]
[Round "3"]
[White "Do, Huu Thi"]
[Black "Douville, Frederic"]
[Result "1-0"]
[WhiteElo "2166"]
[BlackElo "1689"]
[PlyCount "47"]
[EventDate "2008.08.??"]
[EventType "swiss"]
[EventRounds "6"]
[EventCountry "FRA"]
[SourceTitle "EXT 2009"]
[Source "ChessBase"]
[SourceDate "2008.11.26"]
[SourceVersion "1"]
[SourceVersionDate "2008.11.26"]
[SourceQuality "1"]

1. c4 Nf6 2. g3 g6 3. Bg2 Bg7 4. Nc3 0-0 5. e4 d6 6. Nge2 c5 7. 0-0 Nc6 8. h3 a6 9. d3 Rb8 10. a4 Bd7 11. f4 Nb4 12. Be3 Qc8 13. Kh2 Bg4 14. e5 Bxe2 15. Qxe2 dxe5 16. fxe5 Nh5 17. Bf3 Nxg3 18. Kxg3 Bxe5+ 19. Kg2 Rd8 20. Nd5 Nxd5 21. Bxd5 e6 22. Bg5 Re8 23. Qxe5 exd5 24. Qf6 1-0

[Event "FRA-chT1A 0708"]
[Site "France"]
[Date "2008.02.10"]
[Round "7.6"]
[White "Karim, Ismael"]
[Black "Do, Huu Thi"]
[Result "1-0"]
[WhiteElo "2366"]
[BlackElo "2162"]
[PlyCount "61"]
[EventDate "2007.10.21"]
[EventType "team"]
[EventRounds "11"]
[EventCountry "FRA"]
[SourceTitle "EXT 2009"]
[Source "ChessBase"]
[SourceDate "2008.11.26"]
[SourceVersion "1"]
[SourceVersionDate "2008.11.26"]
[SourceQuality "1"]
[WhiteTeam "Chalons en Champagne"]
[BlackTeam "Niort"]
[WhiteTeamCountry "FRA"]
[BlackTeamCountry "FRA"]

1. e4 c5 2. Nf3 e6 3. d4 cxd4 4. Nxd4 a6 5. Bd3 Bc5 6. Nb3 Ba7 7. 0-0 h5 8. Qe2 Nc6 9. Be3 Bb8 10. Kh1 Nf6 11. f4 Ng4 12. Bg1 g5 13. fxg5 Qxg5 14. N1d2 Nce5 15. Nd4 Ng6 16. N4f3 Qe7 17. Nc4 b5 18. Nb6 Bb7 19. Nxa8 Bxa8 20. a4 Nf4 21. Qd2 b4 22. Bxa6 h4 23. Ba7 Bc7 24. Bb6 h3 25. gxh3 Rxh3 26. Bxc7 Rxh2+ 27. Nxh2 Bxe4+ 28. Rf3 Nd5 29. Bg3 f5 30. Bd3 Nxh2 31. Bxe4 1-0

[Event "FRA-chT1A 0708"]
[Site "France"]
[Date "2008.02.09"]
[Round "6.7"]
[White "Marchyllie, Bruno"]
[Black "Do, Huu Thi"]
[Result "0-1"]
[WhiteElo "2180"]
[BlackElo "2162"]
[PlyCount "116"]
[EventDate "2007.10.21"]
[EventType "team"]
[EventRounds "11"]
[EventCountry "FRA"]
[SourceTitle "EXT 2009"]
[Source "ChessBase"]
[SourceDate "2008.11.26"]
[SourceVersion "1"]
[SourceVersionDate "2008.11.26"]
[SourceQuality "1"]
[WhiteTeam "Cappelle la Grande"]
[BlackTeam "Niort"]
[WhiteTeamCountry "FRA"]
[BlackTeamCountry "FRA"]

1. e4 c5 2. Nf3 a6 3. g3 d6 4. Bg2 e5 5. c3 Nf6 6. 0-0 Be7 7. Re1 0-0 8. d4 Qc7 9. Nbd2 b5 10. Nf1 Bb7 11. d5 Nbd7 12. Nh4 c4 13. Nf5 Bd8 14. g4 Nc5 15. N1g3 Bc8 16. Bg5 Nd3 17. Re3 Ne8 18. Bxd8 Qxd8 19. Qd2 g6 20. Nh6+ Kg7 21. g5 Nf4 22. Ngf5+ Kh8 23. Rg3 f6 24. Ne3 fxg5 25. Neg4 Nf6 26. Nxf6 Qxf6 27. Ng4 Bxg4 28. Rxg4 h6 29. Rg3 Ra7 30. a4 Raf7 31. axb5 axb5 32. Bf1 Qd8 33. b3 cxb3 34. Bxb5 Nh5 35. Rg2 Nf4 36. Rg3 Nh5 37. Rg2 Nf4 38. Rg3 Qb6 39. Bf1 Nh5 40. Rg2 Nf4 41. Rg3 Nh5 42. Rg2 b2 43. Rb1 Rb8 44. Qe3 Nf4 45. Rg3 Qa5 46. c4 Qa2 47. Qe1 Ra7 48. Re3 g4 49. Qd1 Rc7 50. Re1 h5 51. Qc2 Kh7 52. Red1 Nh3+ 53. Bxh3 Rxc4 54. Qd3 gxh3 55. Qf1 Rc3 56. f3 Rbc8 57. Qxh3 Rc1 58. Qf1 Qxb1 0-1

[Event "FRA-chT1A 0708"]
[Site "France"]
[Date "2007.12.15"]
[Round "4.6"]
[White "Varlet, Nicolas"]
[Black "Do, Huu Thi"]
[Result "0-1"]
[WhiteElo "2144"]
[BlackElo "2162"]
[PlyCount "66"]
[EventDate "2007.10.21"]
[EventType "team"]
[EventRounds "11"]
[EventCountry "FRA"]
[SourceTitle "EXT 2009"]
[Source "ChessBase"]
[SourceDate "2008.11.26"]
[SourceVersion "1"]
[SourceVersionDate "2008.11.26"]
[SourceQuality "1"]
[WhiteTeam "Tours"]
[BlackTeam "Niort"]
[WhiteTeamCountry "FRA"]
[BlackTeamCountry "FRA"]

1. d4 f5 2. c4 Nf6 3. Nf3 c6 4. g3 e6 5. Bg2 d5 6. 0-0 Bd6 7. c5 Bc7 8. Bf4 Bxf4 9. gxf4 Ne4 10. Ne5 Qh4 11. e3 Nd7 12. Nxd7 Bxd7 13. f3 Nf6 14. Nc3 g5 15. fxg5 Qxg5 16. Qe2 Rg8 17. Kh1 Qh6 18. f4 Nh5 19. Kg1 Ke7 20. Rf3 Rg4 21. Kf2 Rag8 22. Rg1 Nf6 23. Kf1 Qxh2 24. Rh3 Rxg2 25. Rxh2 Rxg1+ 26. Kf2 R8g3 27. Rxh7+ Nxh7 28. Qh5 Nf6 29. Qh8 R3g2+ 30. Kf3 Ng4 31. Qg7+ Kd8 32. Qf8+ Be8 33. Qd6+ Kc8 0-1

[Event "Pic d'Anie op 3rd"]
[Site "Pic d'Anie"]
[Date "2006.08.11"]
[Round "5"]
[White "Ferrand, Sebastien"]
[Black "Do, Huu Thi"]
[Result "0-1"]
[WhiteElo "1897"]
[BlackElo "2170"]
[PlyCount "62"]
[EventDate "2006.08.07"]
[EventType "swiss"]
[EventRounds "7"]
[EventCountry "FRA"]
[SourceTitle "CBM 113 Extra"]
[Source "ChessBase"]
[SourceDate "2006.09.14"]
[SourceVersion "1"]
[SourceVersionDate "2006.09.14"]
[SourceQuality "1"]

1. e4 e6 2. d4 b6 3. g3 Bb7 4. Bg2 f5 5. Nc3 Bb4 6. Nf3 Bxe4 7. 0-0 Bxc3 8. bxc3 Ne7 9. Re1 Nbc6 10. c4 0-0 11. Bb2 Na5 12. Rxe4 fxe4 13. Ng5 h6 14. Bxe4 hxg5 15. Qh5 Rf6 16. Qh7+ Kf7 17. d5 Qh8 18. dxe6+ dxe6 19. Bxf6 Qxh7 20. Bxh7 gxf6 21. c5 f5 22. cxb6 axb6 23. Re1 Rh8 24. Bxf5 Nxf5 25. Rd1 Ke7 26. f4 g4 27. c4 Nxc4 28. Rc1 b5 29. a4 c6 30. axb5 cxb5 31. Rb1 Nd4 0-1

[Event "Pic d'Anie op 2nd"]
[Site "Arette"]
[Date "2005.08.09"]
[Round "2.8"]
[White "Bismuth, Lea"]
[Black "Do, Huu Thi"]
[Result "0-1"]
[WhiteElo "1870"]
[BlackElo "2145"]
[PlyCount "88"]
[EventDate "2005.08.08"]
[EventType "swiss"]
[EventRounds "7"]
[EventCountry "FRA"]
[SourceTitle "EXT 2007"]
[Source "ChessBase"]
[SourceDate "2006.11.23"]
[SourceVersion "1"]
[SourceVersionDate "2006.11.23"]
[SourceQuality "1"]

1. e4 c5 2. Nc3 a6 3. a4 Nc6 4. f4 e6 5. Nf3 Nge7 6. d3 d5 7. g3 g6 8. Bh3 d4 9. Ne2 f5 10. 0-0 Bg7 11. Kh1 b6 12. g4 h5 13. gxh5 Bb7 14. Ng5 Bf6 15. Ng3 Qd7 16. Bg2 0-0-0 17. Nf7 Bh4 18. Nxd8 Nxd8 19. exf5 Bxg3 20. fxe6 Qxe6 21. Bxb7+ Nxb7 22. Qf3 Bxh2 23. Kxh2 Rxh5+ 24. Kg1 Nd6 25. Bd2 Kc7 26. Rae1 Qf6 27. Re2 Nef5 28. c3 Qh8 29. a5 b5 30. Qd5 Ne3 31. Qf3 Rh3 32. Bxe3 Rxf3 33. Rxf3 Qh5 34. Rff2 dxe3 35. Rxe3 Nf5 36. Re5 Qd1+ 37. Kh2 Qxd3 38. Rg2 Nh4 39. Rg3 Nf3+ 40. Kh3 Nxe5 41. Rxd3 Nxd3 42. Kg4 Kd6 43. Kf3 Ke6 44. Ke4 Nxb2 0-1

[Event "Pic d'Anie op 2nd"]
[Site "Arette"]
[Date "2005.08.08"]
[Round "1.8"]
[White "Do, Huu Thi"]
[Black "Riballet, Jean Paul"]
[Result "1-0"]
[WhiteElo "2145"]
[BlackElo "1560"]
[PlyCount "53"]
[EventDate "2005.08.08"]
[EventType "swiss"]
[EventRounds "7"]
[EventCountry "FRA"]
[SourceTitle "EXT 2007"]
[Source "ChessBase"]
[SourceDate "2006.11.23"]
[SourceVersion "1"]
[SourceVersionDate "2006.11.23"]
[SourceQuality "1"]

1. d4 Nf6 2. c4 e6 3. Nc3 c6 4. e4 d6 5. Nf3 Be7 6. Bd3 0-0 7. e5 Ne8 8. Qc2 g6 9. Bh6 Ng7 10. h4 f5 11. exf6 Rxf6 12. Ne4 Rf7 13. 0-0-0 Nd7 14. Nfg5 Rf8 15. Bxg7 Nf6 16. Bxf8 Qxf8 17. Kb1 a5 18. g4 Nxg4 19. Rdg1 e5 20. d5 a4 21. Ne6 Bxe6 22. dxe6 Nh6 23. h5 Qg7 24. hxg6 hxg6 25. Nxd6 e4 26. Bxe4 Kh8 27. Rxh6+ 1-0

[Event "Pierrefitte op"]
[Site "Pierrefitte"]
[Date "2003.09.28"]
[Round "6"]
[White "Do, Huu Thi"]
[Black "Voigt, Anna"]
[Result "1-0"]
[WhiteElo "2150"]
[BlackElo "1652"]
[PlyCount "83"]
[EventDate "2003.04.27"]
[EventType "swiss (rapid)"]
[EventRounds "7"]
[EventCountry "FRA"]
[SourceTitle "EXT 2005"]
[Source "ChessBase"]
[SourceDate "2004.11.15"]
[SourceVersion "1"]
[SourceVersionDate "2004.11.15"]
[SourceQuality "1"]

1. e3 d5 2. c4 e6 3. Nc3 Nf6 4. Nf3 c6 5. b3 Be7 6. Bb2 Nbd7 7. Rc1 0-0 8. Qc2 h6 9. Be2 b6 10. 0-0 Bb7 11. Qb1 dxc4 12. bxc4 c5 13. Rfd1 Qc7 14. d4 Rfd8 15. d5 exd5 16. cxd5 Nf8 17. Nb5 Qb8 18. Be5 Bd6 19. Nxd6 Rxd6 20. e4 Ng6 21. Bxd6 Qxd6 22. Re1 Re8 23. Bf1 Nd7 24. Bb5 Re7 25. Bxd7 Qxd7 26. Rcd1 Qd6 27. e5 Nxe5 28. Nxe5 Rxe5 29. Rxe5 Qxe5 30. Re1 Qb8 31. d6 Bc6 32. Qd1 Qd8 33. Re7 Bd7 34. Qf3 Be6 35. Qc6 Kh7 36. a3 c4 37. g3 h5 38. Rxe6 fxe6 39. d7 c3 40. Qc8 Qg5 41. d8Q Qc1+ 42. Kg2 1-0

[Event "FRA-chT2S 0203"]
[Site "France"]
[Date "2003.03.16"]
[Round "9.6"]
[White "Strugnell, Carl"]
[Black "Do, Huu Thi"]
[Result "1/2-1/2"]
[WhiteElo "2079"]
[BlackElo "2131"]
[PlyCount "107"]
[EventDate "2002.10.??"]
[EventType "team"]
[EventRounds "11"]
[EventCountry "FRA"]
[SourceTitle "EXT 2004"]
[Source "ChessBase"]
[SourceDate "2003.11.25"]
[SourceVersion "1"]
[SourceVersionDate "2003.11.25"]
[SourceQuality "1"]
[WhiteTeam "Cergy Pontoise"]
[BlackTeam "AECE"]
[WhiteTeamCountry "FRA"]
[BlackTeamCountry "FRA"]

1. e4 c5 2. Nf3 d6 3. Bb5+ Nc6 4. 0-0 e6 5. Re1 Bd7 6. c3 a6 7. Bf1 e5 8. h3 Be7 9. a4 Nf6 10. d4 cxd4 11. cxd4 exd4 12. Nxd4 0-0 13. Nc3 Rc8 14. Nc2 Be6 15. Ne3 Re8 16. f4 Qb6 17. Kh2 Bb3 18. Qd3 Bf8 19. Nc2 Qf2 20. Bd2 Bxc2 21. Qxc2 Nh5 22. Qd1 Qg3+ 23. Kh1 Qh4 24. Bc4 Ne5 25. fxe5 Rxc4 26. Qb3 Rd4 27. Be3 dxe5 28. Qxb7 Rb4 29. Qd7 Rd8 30. Qa7 Rxb2 31. Rf1 Ng3+ 32. Kh2 Nxf1+ 33. Rxf1 Qe7 34. Qxa6 Qb7 35. Qxb7 Rxb7 36. a5 Ra8 37. Bb6 Bb4 38. Nd5 Bd2 39. Ra1 Ra6 40. Ra2 Bg5 41. Rc2 g6 42. Rc8+ Kg7 43. Rc2 h5 44. Kg3 h4+ 45. Kg4 Kh6 46. Rc7 Rbxb6 47. axb6 Ra3 48. Rc3 Ra2 49. Kf3 Rb2 50. Rc7 Bd8 51. Rb7 f5 52. Rb8 Bg5 53. b7 Kh7 54. Re8 1/2-1/2

[Event "FRA-chT2S 0203"]
[Site "France"]
[Date "2003.??.??"]
[Round "7.6"]
[White "Stroppa, Daniel"]
[Black "Do, Huu Thi"]
[Result "1-0"]
[WhiteElo "2274"]
[BlackElo "2131"]
[PlyCount "103"]
[EventDate "2002.10.??"]
[EventType "team"]
[EventRounds "11"]
[EventCountry "FRA"]
[SourceTitle "EXT 2004"]
[Source "ChessBase"]
[SourceDate "2003.11.25"]
[SourceVersion "1"]
[SourceVersionDate "2003.11.25"]
[SourceQuality "1"]
[WhiteTeam "Clichy II"]
[BlackTeam "AECE"]
[WhiteTeamCountry "FRA"]
[BlackTeamCountry "FRA"]

1. d4 Nf6 2. Nf3 g6 3. Nc3 d5 4. Bf4 Bg7 5. e3 a6 6. Be2 b6 7. Ne5 Bb7 8. h4 Nbd7 9. h5 Ne4 10. Nxe4 dxe4 11. h6 Bf6 12. Ng4 0-0 13. Nxf6+ exf6 14. Qd2 Rc8 15. 0-0-0 b5 16. Kb1 Bd5 17. Rc1 Nb6 18. b3 Qe7 19. c4 bxc4 20. bxc4 Ba8 21. Ka1 Rb8 22. Qa5 Rfd8 23. Bg3 Bc6 24. Qc5 Qxc5 25. dxc5 Na8 26. Rhd1 Re8 27. Rd4 Kf8 28. Bd1 Ke7 29. Bc2 f5 30. Rcd1 f6 31. Bh4 g5 32. Bg3 Rbd8 33. Kb2 Rxd4 34. Rxd4 Rd8 35. Kc3 Rg8 36. f3 Rg6 37. fxe4 fxe4 38. Rxe4+ Kf7 39. Rd4 Rxh6 40. Rd8 Nb6 41. cxb6 cxb6 42. Bf5 Rh1 43. Rc8 Bxg2 44. Rc7+ Ke8 45. Bxh7 Rh3 46. Bf2 Rf3 47. Bg1 Rf1 48. Bh2 Rh1 49. Bd6 Ra1 50. Bg6+ Kd8 51. Bf5 Ke8 52. Be6 1-0